000
00321nam a22001337a 4500
008
181031b xxu||||| |||| 00| 0 eng d
020
_a
9780137219292
041
_a
eng
080
_a
004
100
_a
38
101
_a
SHK
245
_a
Principless In Software User Interface Design
_c
Mayhew.d.j
942
_2
udc
_c
BK
999
_c
51339
_d
51339